000 00756nam a22002411 4500
001 105180
003 ES-MaACL
005 20240306144903.0
007 t|
008 060615s1965 sp ||||0| spa d
016 7 _zIND9200523470
040 _aM-BN
_bspa
_cA2
080 _a225.07
100 1 _aLópez Melús, Francisco María.
_973775
245 1 3 _aEl cristianismo y los esenios de Qumrán /
_cFrancisco Mª López Melús.
260 _aMadrid :
_b[Edicabi,
_c1965]
300 _a107 p., 1 h ;
_c20 cm.
490 1 _aSelección bíblica ;
_v15
630 4 _aBiblia.
_pN.T.-
_xCrítica e interpretación
_9119291
830 0 _aSelección bíblica ;
_v15
_9184968
852 _aES-MaACL
_jC-27990
_bR.57224
999 _c105180
_d105180